MARC details
| 000 -CABECERA |
| campo de control de longitud fija |
02575cam a2200349 i 4500 |
| 001 - NÚMERO DE CONTROL |
| campo de control |
9442157 |
| 003 - IDENTIFICADOR DEL NÚMERO DE CONTROL |
| campo de control |
CaAEU |
| 005 - FECHA Y HORA DE LA ÚLTIMA TRANSACCIÓN |
| campo de control |
20250617082326.0 |
| 008 - DATOS DE LONGITUD FIJA--INFORMACIÓN GENERAL |
| campo de control de longitud fija |
200401s2020 enka b 001 0 eng |
| 010 ## - NÚMERO DE CONTROL DE LA BIBLIOTECA DEL CONGRESO |
| Número de control de LC |
2020002293 |
| 020 ## - NÚMERO INTERNACIONAL ESTÁNDAR DEL LIBRO |
| Número Internacional Estándar del Libro |
9781509539277 |
| Información calificativa |
hardback |
| 020 ## - NÚMERO INTERNACIONAL ESTÁNDAR DEL LIBRO |
| Número Internacional Estándar del Libro |
9781509539284 |
| Información calificativa |
paperback |
| 020 ## - NÚMERO INTERNACIONAL ESTÁNDAR DEL LIBRO |
| ISBN cancelado o inválido |
9781509539291 |
| Información calificativa |
epub |
| 020 ## - NÚMERO INTERNACIONAL ESTÁNDAR DEL LIBRO |
| ISBN cancelado o inválido |
9781509544202 |
| Información calificativa |
adobe pdf |
| 035 ## - NÚMERO DE CONTROL DEL SISTEMA |
| Número de control de sistema |
on1144485849 |
| 040 ## - FUENTE DE LA CATALOGACIÓN |
| Centro catalogador/agencia de origen |
DLC |
| Lengua de catalogación |
eng |
| Normas de descripción |
rda |
| Centro/agencia transcriptor |
DLC |
| Centro/agencia modificador |
OCLCO |
| -- |
YDX |
| -- |
BDX |
| -- |
OCLCQ |
| -- |
OCLCF |
| -- |
AEKC |
| 041 ## - CÓDIGO DE LENGUA |
| Código de lengua del texto/banda sonora o título independiente |
English |
| 042 ## - CÃDIGO DE AUTENTICACIÃN |
| Código de autenticación |
pcc |
| 050 00 - SIGNATURA TOPOGRÁFICA DE LA BIBLIOTECA DEL CONGRESO |
| Número de clasificación |
HM511 |
| Número de documento/Ítem |
.L56 2020 |
| 100 ## - ENTRADA PRINCIPAL--NOMBRE DE PERSONA |
| Nombre de persona |
Lindgren, Simon, |
| Término indicativo de función/relación |
author. |
| 9 (RLIN) |
25482 |
| 245 10 - MENCIÓN DE TÍTULO |
| Título |
Data theory |
| Resto del título |
: interpretive sociology and computational methods |
| Mención de responsabilidad, etc. |
/ Simon Lindgren. |
| 264 #1 - PRODUCCIÓN, PUBLICACIÓN, DISTRIBUCIÓN, FABRICACIÓN Y COPYRIGHT |
| Producción, publicación, distribución, fabricación y copyright |
Cambridge ; |
| -- |
Medford, MA : |
| Nombre del de productor, editor, distribuidor, fabricante |
Polity, |
| Fecha de producción, publicación, distribución, fabricación o copyright |
2020. |
| 300 ## - DESCRIPCIÓN FÍSICA |
| Extensión |
198 pages : |
| Otras características físicas |
illustrations (black and white) ; |
| Dimensiones |
22 cm |
| 504 ## - NOTA DE BIBLIOGRAFÍA, ETC. |
| Nota de bibliografía, etc. |
Includes bibliographical references and index. |
| 505 0# - NOTA DE CONTENIDO CON FORMATO |
| Nota de contenido con formato |
Beyond Method — Decoding Social Forms — Unintended Consequences — Actor-Networks — Collective Representations — Symbolic Power — Theoretical I/O. |
| 520 ## - SUMARIO, ETC. |
| Sumario, etc. |
The datafication of our world offers huge challenges and opportunities for social science. The ‘data-drivenness’ of computational research can occur at the expense of theoretical reflection and interpretation. Additionally, it can be difficult to reconcile the ‘quantitative’ dimensions of big data with the ‘qualitative’ sensibilities needed for its understanding. At the same time, this opens up possibilities for reimagining key principles of social inquiry. <br/><br/>In this experimental and provocative book, Simon Lindgren argues that a hybrid approach to data and theory must be developed in order to make sense of today's ambivalent, turbulent, and media-saturated political landscape. He pushes for the development of a critical science of data, joining the interpretive theoretical and ethical sensibilities of social science with the predictive and prognostic powers of data science and computational methods. In order for theories and research methods to be more useful and relevant, they must be dismantled and put together in new, alternative, and unexpected ways. <br/><br/>Data Theory is essential reading for social scientists and data scientists, as well as students taking courses in social theory and data, digital methods, big data, and data and society. |
| Fuente proveedora |
Provided by publisher. |
| 650 #0 - PUNTO DE ACCESO ADICIONAL DE MATERIA--TÉRMINO DE MATERIA |
| Término de materia o nombre geográfico como elemento de entrada |
Sociology |
| Subdivisión general |
Methodology. |
| 9 (RLIN) |
11151 |
| 650 #0 - PUNTO DE ACCESO ADICIONAL DE MATERIA--TÉRMINO DE MATERIA |
| Término de materia o nombre geográfico como elemento de entrada |
Sociology |
| Subdivisión general |
Research. |
| 650 #0 - PUNTO DE ACCESO ADICIONAL DE MATERIA--TÉRMINO DE MATERIA |
| Término de materia o nombre geográfico como elemento de entrada |
Sociology |
| Subdivisión general |
Statistical methods. |
| 650 #0 - PUNTO DE ACCESO ADICIONAL DE MATERIA--TÉRMINO DE MATERIA |
| Término de materia o nombre geográfico como elemento de entrada |
Social sciences |
| Subdivisión general |
Methodology |
| 9 (RLIN) |
9432 |
| 942 ## - ELEMENTOS DE ENTRADA AGREGADA (KOHA) |
| Fuente del sistema de clasificación o colocación |
Clasificación de Library of Congress |